zpět

Detail výsledku týmu

Adélka, Pustiměř

Datum a čas kvízu

26.5 Celkem bodů Celkový počet nahraných bodů na tomto kvízu bez doplňovacích otázek.
6. Pořadí na kvízu Konečné umístění týmu na tomto kvízu.

Zaznamenané odpovědi

# Otázka Odpověď Body Výsledky
1. Minulý týden byly vyhlášeny vý... Pavel Pafko 0
2. V sousedním Rakousku před něko... Sebastian Kurz 0
3. V pražském Národním divadle se... Zdeněk Svěrák 0
4. Ve čtvrtek byla v Praze otevře... Tesla 1
5. Horolezec Radek Jaroš jako šes... Kilimandžáro/ Uhuru 1
6. Napíšete-li název afghánské le... Bagram 1
7. Jak se jmenuje současný náčeln... Aleš Opata 1
8. Jak se nazývá město, u něhož s... Čáslav 1
9. Jednou z prvních zahraničních... Bosna a Hercegovina 0
10. Napište čtyřpísmenné označení... BREN 1